000 00532pab a2200181 454500
008 180718b2010 xxu||||| |||| 00| 0 eng d
100 _aDayanandan, R.
245 _aTechnology revolution: Is it a boon or bane for small and medium enterprises (SMES) development?
260 _c2010
300 _ap.73-77.
362 _aJan-Jun
650 _aSmall scale industry
650 _aSmall enterprises
650 _aTechnological change
773 _aSouth Asian Journal of Socio-Political Studies
908 _aN
909 _a89721
999 _c89721
_d89721